书目信息 |
| 题名: |
反唐演义全传·前七国志
|
|
| 作者: | 反唐演义全传·前七国志 | |
| 分册: | ||
| 出版信息: | 北京 中国戏剧出版社 |
|
| 页数: | 392页 | |
| 开本: | 20cm | |
| 丛书名: | ||
| 单 册: | ||
| 中图分类: | I242.4 | |
| 科图分类: | ||
| 主题词: | 小说--中国 | |
| 电子资源: | ||
| ISBN: | 978-7-104-01285-6 | |
| 000 | 00649nam0 2200193 45 | |
| 001 | 1960389297 | |
| 005 | 20191122164736.48 | |
| 010 | @a978-7-104-01285-6@dRMB 88.00 | |
| 100 | @a20191122d km y0chiy0120 ea | |
| 101 | 0 | @achi |
| 102 | @aCN@b110000 | |
| 200 | 1 | @a反唐演义全传·前七国志@Afan tang yan yi quan chuan·qian qi guo zhi@f反唐演义全传·前七国志@Ffan tang yan yi quan chuan·qian qi guo zhi |
| 210 | @a北京@c中国戏剧出版社 | |
| 215 | @a392页@d20cm | |
| 606 | 0 | @a小说@x中国 |
| 690 | @aI242.4@v4 | |
| 701 | 0 | @a反唐演义全传·前七国志@Afan tang yan yi quan chuan·qian qi guo zhi |
| 801 | 0 | @aCN@bPFT@c20191122 |
| 905 | @a10447@dI242.4@eF084 | |
| 反唐演义全传·前七国志/反唐演义全传·前七国志.-北京:中国戏剧出版社 |
| 392页;20cm |
| ISBN 978-7-104-01285-6:RMB 88.00 |
| ● |
| 相关链接 |
|
|
|
正题名:反唐演义全传·前七国志
索取号:I242.4/F084
 
预约/预借
| 序号 | 登录号 | 条形码 | 馆藏地/架位号 | 状态 | 备注 |
| 1 | 1452419 | 214524193 | 文学库108/108文学库 21排8列4层/ [索取号:I242.4/F084] | 在馆 |